000 00316nam a2200133Ia 4500
005 20251222144804.0
008 251222s9999||||xx |||||||||||||| ||spa||
020 _a84-8280-167-8
082 _a868.35/C92P
100 _aCruz, San Juan de la
245 0 _aPoesías Completas
264 _bOveja Negra
942 _cLIB
999 _c19859
_d19859